| 000 | 00570nam a22001697a 4500 | ||
|---|---|---|---|
| 003 | AUA.1 | ||
| 005 | 20251118180958.0 | ||
| 008 | 250711b |||||||| |||| 00| 0 eng d | ||
| 040 | _cJTL | ||
| 100 | _aMarage, Eleuterio | ||
| 245 |
_aA historical-contextual analysis of the last generation theology of Herbert Edgar Douglass / _cEleuterio Marage. |
||
| 260 | _cc2025 | ||
| 300 |
_avii, 85 leaves : _bIllustrations : _c30cm. |
||
| 600 | _aDouglass, Herbert Edgar | ||
| 650 |
_aEschatology. Last things _vCriticism |
||
| 942 |
_2aua _cTHESIS _hMABTS _i.M37 2025 |
||
| 999 |
_c25212 _d25212 |
||